000
00267nam a22001217a 4500
008
171127b xxu||||| |||| 00| 0 eng d
041
_a
eng
080
_a
612.39
100
_a
10
101
_a
SHU
245
_a
MAGAZINIMI I SIGURT PMB-VE
_c
CARA, M
942
_2
udc
_c
BK
999
_c
38588
_d
38588